FC Augsburg Rekordspieler - Statistiken

Allgemein
  • Dieses Quiz wurde 45 mal gespielt
  • Das Durchschnittsergebnis liegt bei 3 aus 11
Antwortstatistiken
Spiele Nationalität Spieler % Korrekt
355 Deutschland Daniel Baier
90%
208 Deutschland Tobias Werner
55%
207 Niderlande Paul Verhaegh
53%
227 Niderlande Jeffrey Gouweleeuw
48%
202 Deutschland Ulrich Biesinger
18%
182 Deutschland Gerhard Müller
3%
223 Deutschland Andreas Dörr
0%
204 Deutschland Georg Platzer
0%
255 Deutschland Gerhard Niklasch
0%
203 Deutschland Hans Jörg
0%
182 Deutschland Ludwig Schlump
0%
Keine übereinstimmenden Quizze gefunden
Verteilung der Resultate
Anzahl Personen mit jedem Resultat
Perzentil nach korrekt beantworteten Fragen
Ihre Resultats-Entwicklung
Sie haben dieses Quiz noch nicht gespielt